China : a short history /

Bibliographic Details
Main Author: Lattimore, Owen, 1900-1989
Other Authors: Lattimore, Eleanor Holgate, 1895-1970
Format: Book
Language:English
Published: New York : AMS Press, [1975]
Subjects:

MARC

Tag First Indicator Second Indicator Subfields
LEADER 00000pam a2200000 i 4500
001 in00000479621
005 20151013055923.0
008 750319r19751947nyub 00110 eng
010 |a  72004434  
020 |a 0404106463 
035 |a (OCoLC)01272415 
035 |9 ACC6695AM 
040 |a DLC  |c DLC  |d TXA  |d UtOrBLW 
043 |a a-cc--- 
049 |a TXAM  |c [1414749] 
050 0 0 |a DS735  |b .L38 1975 
082 0 |a 951 
100 1 |a Lattimore, Owen,  |d 1900-1989. 
240 1 4 |a The making of modern China 
245 1 0 |a China :  |b a short history /  |c by Owen and Eleanor Lattimore. 
264 1 |a New York :  |b AMS Press,  |c [1975] 
300 |a 218 pages :  |b maps ;  |c 19 cm. 
336 |a text  |b txt  |2 rdacontent 
337 |a unmediated  |b n  |2 rdamedia 
338 |a volume  |b nc  |2 rdacarrier 
500 |a Reprint of the 1947 edition published by Norton, New York; with a new introduction. 
500 |a First published in 1944 under title: The making of modern China. 
500 |a Includes index. 
651 0 |a China  |x History. 
700 1 |a Lattimore, Eleanor Holgate,  |d 1895-1970. 
999 |a MARS 
999 f f |s 76ac0f58-4e63-367e-8bfb-251080bf9bcc  |i 2aff4a6e-14a6-33db-a91d-6a4b79d6f3a1  |t 0 
952 f f |p normal  |a Texas A&M University  |b College Station  |c Sterling C. Evans Library  |d Evans: Library Stacks  |t 0  |e DS735 .L38 1975  |h Library of Congress classification  |i unmediated -- volume  |m A14802067819 
998 f f |a DS735 .L38 1975  |t 0  |l Evans: Library Stacks